[Event "Cto. Equipos de Navarra DH 2018"]
[Site "?"]
[Date "2018.11.24"]
[Round "7"]
[White "Huerga Leache, Mikel"]
[Black "Zamarbide Inarrea, Daniel"]
[Result "1-0"]
[EventDate "2018.??.??"]
[EventCountry "ESP"]
[EventType "team"]
[EventRounds "7"]
[WhiteElo "2451"]
[BlackElo "2202"]

1.d4 Nf6 2.c4 b6 3.Nf3 Bb7 4.g3 g6 5.Bg2 Bg7 6.O-O e6 7.Qc2 Be4 8.Qd2 O-O 9.d5
exd5 10.Nc3 Na6 11.cxd5 Re8 12.Rd1 Nc5 13.Nxe4 Nfxe4 14.Qc2 a5 15.Be3 f5 16.Rac1
Qe7 17.Nd4 Nd6 18.b3 Bf6 19.a3 a4 20.b4 Bxd4 21.Bxd4 Nb3 22.Bb2 Nxc1 23.Qxc1 Qf8
24.Qc3 Rxe2 25.Qh8 Kf7 26.Qxh7 Ke8 27.Bg7 Re7 28.Qxg6 Qf7 29.Qxf7 Kxf7 30.Bc3
Rae8 31.Bf1 b5 32.Bd3 Ne4 33.Bd4 c6 34.Kg2 Nf6 35.Bxf5 Nxd5 36.h4 Re1 37.Rd3 Rg8
38.Rf3 Ke7 39.h5 Nf6 40.Bc3 Rc1 41.Bb2 Re1 42.h6 Rh8 43.h7 Rd8 44.g4 d5 45.Rh3
Nxh7 46.Rxh7 Kd6 47.Bd4 Ree8 48.Bb6 Ke5 49.Kf3 c5 50.Bxd8 Rxd8 51.bxc5 b4 52.c6
bxa3 53.c7 1-0

[Event "Cto. Equipos de Navarra DH 2018"]
[Site "?"]
[Date "2018.11.24"]
[Round "7"]
[White "Vila Dupla, Aurelio"]
[Black "Abalia Patino, Aritz"]
[Result "0-1"]
[EventDate "2018.??.??"]
[EventCountry "ESP"]
[EventType "team"]
[EventRounds "7"]
[WhiteElo "2168"]
[BlackElo "2158"]

1.Nf3 Nf6 2.c4 e6 3.g3 a6 4.Bg2 b5 5.Qb3 bxc4 6.Qxc4 d5 7.Qa4 Bd7 8.Qc2 c5 9.Ne5
Bd6 10.Nxd7 Qxd7 11.Nc3 Nc6 12.d3 O-O 13.O-O Rab8 14.b3 Be5 15.Bb2 c4 16.dxc4
Nd4 17.Qd1 dxc4 18.f4 Ng4 19.fxe5 Ne3 20.Qc1 Nxf1 21.Kxf1 Qa7 22.Qe3 f6 23.Ne4
fxe5 24.Bf3 Qb6 25.Ba3 Rfd8 26.Bc5 Qa5 27.b4 Qa4 28.Ng5 Nxf3 29.exf3 Rd1 30.Rxd1
Qxd1 31.Kg2 Qc2 32.Kh3 c3 33.g4 Qg6 34.Ne4 c2 35.Kg3 Rd8 36.Qc3 h5 37.Qxc2 hxg4
38.fxg4 Qf7 39.Qf2 Rd3 40.Kg2 Qb7 41.Qe2 Qd5 42.Kf2 Rh3 43.Kg1 Ra3 0-1

[Event "Cto. Equipos de Navarra DH 2018"]
[Site "?"]
[Date "2018.11.24"]
[Round "7"]
[White "Morante Rafael, Aritz"]
[Black "Labiano Hernandez, Juan"]
[Result "0-1"]
[EventDate "2018.??.??"]
[EventCountry "ESP"]
[EventType "team"]
[EventRounds "7"]
[WhiteElo "2067"]
[BlackElo "2041"]

1.e4 e5 2.Nc3 Nf6 3.Bc4 Bc5 4.d3 O-O 5.f4 d5 6.Nxd5 Be6 7.Nxf6 Qxf6 8.Bxe6 fxe6
9.Nf3 exf4 10.Qe2 e5 11.Bd2 Nc6 12.O-O-O a5 13.c3 Qe6 14.Kb1 Nb4 15.cxb4 axb4
16.b3 Rxa2 17.Kxa2 Qa6 18.Kb2 Qa3 19.Kc2 Qa2 20.Kc1 Ra8 21.Bxf4 Qxe2 22.Rd2 Be3
23.Bxe3 Qxe3 24.Rhd1 Qc5 25.Rc2 Ra1 26.Kb2 Ra2 0-1

[Event "Cto. Equipos de Navarra DH 2018"]
[Site "?"]
[Date "2018.11.24"]
[Round "7"]
[White "Vinal Gutierrez, Pedro"]
[Black "Ramos Dominguez, Joaquin"]
[Result "0-1"]
[EventDate "2018.??.??"]
[EventCountry "ESP"]
[EventType "team"]
[EventRounds "7"]
[WhiteElo "2040"]
[BlackElo "2099"]

1.e4 c5 2.Nc3 a6 3.g3 Nc6 4.Bg2 e6 5.d3 Nf6 6.Nh3 Be7 7.f4 O-O 8.O-O d5 9.e5 Nd7
10.Ne2 b5 11.c3 b4 12.d4 Qb6 13.Kh1 f5 14.Ng5 Bxg5 15.fxg5 cxd4 16.cxd4 a5
17.Nf4 Ne7 18.Re1 Ba6 19.Be3 Rfc8 20.Rc1 Rxc1 21.Qxc1 Rc8 22.Qd2 Qc6 23.Bf1 Bxf1
24.Rxf1 Qc2 25.Qxc2 Rxc2 26.Nxe6 Rxb2 27.Rc1 Kf7 28.Nf4 Ke8 29.g6 hxg6 30.Ne6
Nf8 31.Nc7 Kd7 32.Bg5 Nc6 33.e6 Nxe6 34.Nxe6 Kxe6 35.Rxc6 Kd7 36.Rxg6 Rxa2
37.Rxg7 Kc6 38.Bf4 b3 39.Rc7 Kb6 40.Rc8 a4 41.Bc1 Ra1 42.Kg2 Rxc1 43.Rxc1 b2
44.Rb1 a3 45.h4 Kc6 46.Kf3 a2 47.Rxb2 a1=Q 0-1

[Event "Cto. Equipos de Navarra DH 2018"]
[Site "?"]
[Date "2018.11.24"]
[Round "7"]
[White "Huarte Zozaya, Aitor"]
[Black "Jedrocha, Katarzyna"]
[Result "1/2-1/2"]
[EventDate "2018.??.??"]
[EventCountry "ESP"]
[EventType "team"]
[EventRounds "7"]
[WhiteElo "1992"]
[BlackElo "1922"]

1.d4 d5 2.c4 e5 3.dxe5 d4 4.Nf3 Nc6 5.Bg5 Be7 6.Bxe7 Ngxe7 7.g3 O-O 8.Bg2 Ng6
9.O-O Ngxe5 10.b3 Re8 11.Nbd2 Qe7 12.Re1 Bg4 13.Nxe5 Qxe5 14.Nf3 Qf6 15.Qd2 Rad8
16.Ng5 Bf5 17.Nh3 Ne5 18.Nf4 c6 19.Nd3 Bxd3 20.exd3 Nf3 21.Bxf3 Qxf3 22.Rxe8
Rxe8 23.Re1 Rxe1 24.Qxe1 g6 25.Qe8 Kg7 26.Qe5 Qf6 27.Qe4 Qd6 28.Kg2 b6 29.f4 f5
30.Qe2 h6 31.h4 c5 32.Kf2 Qc7 33.Qe6 a6 34.a4 a5 35.Kf3 1/2-1/2

[Event "Cto. Equipos de Navarra DH 2018"]
[Site "?"]
[Date "2018.11.24"]
[Round "7"]
[White "Aguinaga Ruiz, Jesus Luis"]
[Black "Malon Insausti, Andres"]
[Result "1/2-1/2"]
[EventDate "2018.??.??"]
[EventCountry "ESP"]
[EventType "team"]
[EventRounds "7"]
[WhiteElo "1902"]
[BlackElo "1900"]

1.d4 Nf6 2.Bf4 d5 3.e3 c5 4.Nf3 Nc6 5.Nbd2 Bf5 6.c3 e6 7.Nh4 Bg6 8.Nxg6 hxg6
9.Qb3 Qb6 10.Qxb6 axb6 11.Bb5 Be7 12.Nf3 Nd7 13.Ne5 Ndxe5 14.Bxe5 O-O 15.Bc7 Na7
16.Bd3 c4 17.Bc2 b5 18.a3 Nc6 19.Kd2 Ra6 20.h4 f5 21.Rh2 b4 22.cxb4 Bxb4 23.Ke2
Be7 24.Rg1 Rc8 25.Bf4 b5 26.g4 Kf7 27.gxf5 gxf5 28.Rhg2 Bf6 29.Bg5 Bxg5 30.Rxg5
Rg8 31.h5 Ne7 32.f3 g6 33.e4 Kf6 34.exf5 exf5 35.Kd2 Raa8 36.hxg6 Rxg6 37.Rxg6
Nxg6 38.Kc3 Nf4 39.Re1 Rh8 40.Re5 Rh5 41.Kb4 Nd3 42.Bxd3 cxd3 43.Kc3 Rh2 44.Kxd3
Rxb2 45.Rxd5 Rb3 46.Ke2 f4 47.Rd6 Kf5 48.Rd5 Kf6 49.Rh5 Re3 50.Kf2 Rb3 51.Ke2
Re3 52.Kf2 Rb3 53.Ke2 1/2-1/2

[Event "Cto. Equipos de Navarra DH 2018"]
[Site "?"]
[Date "2018.11.24"]
[Round "7"]
[White "Roviralta Montero, Axel"]
[Black "Garjon Modrego, Miguel"]
[Result "1-0"]
[EventDate "2018.??.??"]
[EventCountry "ESP"]
[EventType "team"]
[EventRounds "7"]
[WhiteElo "1813"]
[BlackElo "1868"]

1.e4 d5 2.exd5 Qxd5 3.Nc3 Qd8 4.Nf3 Nf6 5.Bc4 e6 6.O-O Be7 7.d4 O-O 8.Bf4 c6
9.Ne2 Nbd7 10.Re1 b6 11.c3 Bb7 12.Ng3 Rc8 13.b4 Re8 14.Qa4 a5 15.bxa5 b5 16.Qb3
Qxa5 17.Bxe6 fxe6 18.Qxe6 Kh8 19.Ng5 Nf8 20.Nf7 Kg8 21.Nh6 1-0

[Event "Cto. Equipos de Navarra DH 2018"]
[Site "?"]
[Date "2018.11.24"]
[Round "7"]
[White "De Pablos Fernandez, Mariano"]
[Black "Garisoain Ardanaz, Alvaro"]
[Result "1/2-1/2"]
[EventDate "2018.??.??"]
[EventCountry "ESP"]
[EventType "team"]
[EventRounds "7"]
[WhiteElo "1919"]
[BlackElo "1665"]

1.e4 d6 2.d4 Nf6 3.Nc3 Nbd7 4.f4 e5 5.Nf3 exd4 6.Nxd4 Nc5 7.Bd3 Be7 8.O-O O-O
9.Nf5 Bxf5 10.exf5 Nxd3 11.Qxd3 d5 12.Be3 c5 13.Bf2 d4 14.Ne4 Qd5 15.Nxf6 Bxf6
16.b3 Rfe8 17.Rfe1 Qc6 18.Rxe8 Rxe8 19.Re1 Rxe1 20.Bxe1 b5 21.c4 bxc4 22.bxc4 h6
23.Kf2 Bh4 24.g3 Bf6 25.Qf3 Qb6 26.Qb3 Qc6 27.Qf3 Qb6 28.Qe2 Qc6 29.h4 Kf8
30.Kg1 Qd7 31.Qd3 Qb7 32.g4 Be7 33.Qb3 Qxb3 34.axb3 Ke8 35.Kg2 Kd7 36.Kf3 Kd6
37.Ke4 f6 38.Bd2 Bd8 39.g5 h5 40.b4 a5 41.bxa5 Kc6 42.Be1 Bc7 43.a6 Bb6 44.Bd2
Ba7 45.Ba5 Bb6 46.a7 Bxa7 47.Bd8 fxg5 48.fxg5 Kd7 49.g6 Ke8 50.Bg5 Bb8 51.Kd5
Bg3 52.Bd2 Bxh4 53.Kxc5 Bf6 54.Kd5 h4 55.Bf4 h3 56.Ke4 Kd7 57.Bh2 Kc6 58.Kd3 Kc5
59.Bg3 Kc6 1/2-1/2

[Event "Cto. Equipos de Navarra DH 2018"]
[Site "?"]
[Date "2018.11.24"]
[Round "7"]
[White "Garbisu de Goni, Unai"]
[Black "Reinaldo Castineira, Roi"]
[Result "1-0"]
[EventDate "2018.??.??"]
[EventCountry "ESP"]
[EventType "team"]
[EventRounds "7"]
[WhiteElo "2430"]
[BlackElo "2483"]

1.e4 g6 2.d4 Bg7 3.Nf3 d6 4.Bc4 c6 5.O-O d5 6.Bd3 dxe4 7.Bxe4 Nf6 8.Bd3 O-O 9.h3
Nbd7 10.Nc3 c5 11.Re1 cxd4 12.Nxd4 Nc5 13.Bc4 a6 14.a4 Qc7 15.Qe2 Rd8 16.Nf3 e6
17.a5 b5 18.axb6 Qxb6 19.Ne5 Nfd7 20.Ng4 Bb7 21.Nh6 Kf8 22.Bf4 Nf6 23.Rad1 Nfe4
24.Nxe4 Nxe4 25.Qf3 f5 26.Qa3 Qc5 27.Qxc5 Nxc5 28.Be3 Ne4 29.f3 Nd6 30.Bxe6 Bxb2
31.Bg5 Bc3 32.Re3 Bb4 33.Red3 a5 34.Bxd8 Rxd8 35.Nf7 Bc5 36.Kh1 Nxf7 37.Rxd8
Nxd8 38.Rxd8 Ke7 39.Rd7 Kxe6 40.Rxb7 a4 41.Rb5 Kd5 42.Ra5 a3 43.Ra4 f4 44.g3
fxg3 45.Kg2 Kc6 46.c4 Bd6 47.Ra6 Kc7 48.f4 h5 49.h4 Bxf4 50.Rxa3 Kb6 51.Rf3 g5
52.hxg5 Bxg5 53.Rf5 Be7 54.Kxg3 h4 55.Kg4 Kc6 56.Rh5 Bd8 57.Kf3 Be7 58.Ke4 Bd8
59.Kd4 Bf6 60.Kd3 Bd8 61.Kc3 Be7 62.Kb3 Bd8 63.Kb4 Be7 64.c5 Bd8 65.Kc4 Kd7
66.Kd5 Bf6 67.Rh6 Bg5 68.Rh7 Kd8 69.Kc6 1-0

[Event "Cto. Equipos de Navarra DH 2018"]
[Site "?"]
[Date "2018.11.24"]
[Round "7"]
[White "Narciso Dublan, Marc"]
[Black "Urriza Iricibar, Pablo"]
[Result "1-0"]
[EventDate "2018.??.??"]
[EventCountry "ESP"]
[EventType "team"]
[EventRounds "7"]
[WhiteElo "2490"]
[BlackElo "2265"]

1.d4 c5 2.d5 g6 3.e4 Bg7 4.c4 d6 5.Ne2 Nf6 6.Nbc3 O-O 7.Ng3 e6 8.Be2 exd5 9.cxd5
h5 10.Bg5 a6 11.a4 Qc7 12.Qd2 Re8 13.f4 Nh7 14.Bh4 Bd4 15.e5 dxe5 16.f5 e4
17.fxg6 fxg6 18.Rf1 Qa5 19.Ra3 Kg7 20.Nxh5 Kg8 21.Qh6 Bf5 22.Rxf5 gxf5 23.Qg6
Kf8 24.Qxf5 Kg8 25.Qg6 Kf8 26.Qxh7 1-0

[Event "Cto. Equipos de Navarra DH 2018"]
[Site "?"]
[Date "2018.11.24"]
[Round "7"]
[White "Ortega Lopez, Mikel"]
[Black "Bayo Milagro, Alvaro"]
[Result "1/2-1/2"]
[EventDate "2018.??.??"]
[EventCountry "ESP"]
[EventType "team"]
[EventRounds "7"]
[WhiteElo "2254"]
[BlackElo "2351"]

1.e4 e5 2.Nf3 Nc6 3.Bb5 a6 4.Ba4 Nf6 5.O-O Bc5 6.d3 b5 7.Bb3 d6 8.c3 O-O 9.Be3
Bxe3 10.fxe3 Na5 11.Bc2 c5 12.Qe1 Re8 13.Nbd2 Ra7 14.h3 Nc6 15.Qf2 Ne7 16.Nh4
Ng6 17.Nf5 Be6 18.Qf3 d5 19.Rad1 Rd7 20.d4 cxd4 21.exd4 dxe4 22.Nxe4 Nxe4
23.Bxe4 Bd5 24.Bxd5 Rxd5 25.dxe5 Rexe5 26.Nd4 Qc7 27.Rde1 f6 28.Rxe5 Qxe5 29.Rf2
Qe1 30.Rf1 Qe5 31.Rf2 Qe1 1/2-1/2

[Event "Cto. Equipos de Navarra DH 2018"]
[Site "?"]
[Date "2018.11.24"]
[Round "7"]
[White "Jimenez Almeida, Luis David"]
[Black "Rada Equiza, Miguel"]
[Result "1-0"]
[EventDate "2018.??.??"]
[EventCountry "ESP"]
[EventType "team"]
[EventRounds "7"]
[WhiteElo "2271"]
[BlackElo "2223"]

1.Nf3 g6 2.c4 Bg7 3.Nc3 d6 4.g3 b6 5.Bg2 Bb7 6.O-O e6 7.b4 a5 8.b5 Ne7 9.Bb2 Nd7
10.Qc2 O-O 11.Rfd1 Nf5 12.e3 Ne5 13.Nxe5 Bxg2 14.Kxg2 dxe5 15.d3 Qg5 16.Qe2 Rfd8
17.Ne4 Qe7 18.c5 a4 19.Ba3 Qd7 20.Rab1 h5 21.h3 Qd5 22.Kh2 Qd7 23.Qc2 h4 24.g4
Ne7 25.g5 Nf5 26.Rb4 Ra5 27.cxb6 cxb6 28.Qc6 Qxc6 29.bxc6 b5 30.Rb2 Rc8 31.Rc1
Bf8 32.Nf6 Kg7 33.Bxf8 Kxf8 34.Nd7 Ke7 35.Nxe5 b4 36.d4 Rb5 37.Rc4 b3 38.Rxa4
1-0

[Event "Cto. Equipos de Navarra DH 2018"]
[Site "?"]
[Date "2018.11.24"]
[Round "7"]
[White "Soriano Ascaso, Ignacio"]
[Black "Martinez Martin, Inigo"]
[Result "1-0"]
[EventDate "2018.??.??"]
[EventCountry "ESP"]
[EventType "team"]
[EventRounds "7"]
[WhiteElo "2170"]
[BlackElo "2136"]

1.e4 c6 2.d3 g6 3.g3 Bg7 4.Bg2 d5 5.Nd2 dxe4 6.dxe4 e5 7.Nc4 Qxd1 8.Kxd1 Ke7
9.b3 Na6 10.Ba3 c5 11.Nf3 f6 12.Ne3 b5 13.Nd5 Kd6 14.c4 b4 15.Bb2 Ne7 16.Nd2 Nc6
17.f4 Be6 18.h3 Nc7 19.Rf1 Nd4 20.Bxd4 Bxd5 21.fxe5 fxe5 22.Bxc5 Kxc5 23.exd5
Raf8 24.Ne4 Kb6 25.Ke2 Rxf1 26.Rxf1 Rf8 27.Rxf8 Bxf8 28.Nf6 Bg7 29.Nxh7 Ne8
30.Be4 Nf6 31.Nxf6 Bxf6 32.Bxg6 Kc5 33.Kd3 a5 34.Be8 Kd6 35.Ke4 Bd8 36.h4 Bf6
37.Kf5 Bg7 38.g4 Bh6 39.g5 Bg7 40.h5 Bf8 41.h6 Ke7 42.Bh5 1-0

[Event "Cto. Equipos de Navarra DH 2018"]
[Site "?"]
[Date "2018.11.24"]
[Round "7"]
[White "Sanchez Carayol, Jesus Carlos"]
[Black "Sevilla Subiza, Javier"]
[Result "1-0"]
[EventDate "2018.??.??"]
[EventCountry "ESP"]
[EventType "team"]
[EventRounds "7"]
[WhiteElo "2093"]
[BlackElo "2125"]

1.e4 g6 2.d4 Bg7 3.Nc3 d6 4.Be3 a6 5.Qd2 b5 6.f3 Nd7 7.h4 Ngf6 8.Bh6 Bxh6 9.Qxh6
c5 10.dxc5 Nxc5 11.g4 Qa5 12.Qd2 h5 13.g5 Nfd7 14.a3 Qd8 15.O-O-O Bb7 16.Qd4 O-O
17.Be2 Rc8 18.Kb1 Ne5 19.Qe3 Na4 20.Nxa4 bxa4 21.Nh3 Qc7 22.Rd2 Rb8 23.Qd4 Bc6
24.Nf4 Bb5 25.Nd5 Qb7 26.c4 Bc6 27.f4 Bxd5 28.cxd5 Nd7 29.Qxa4 Nc5 30.Qc2 Rfc8
31.Bc4 a5 32.e5 dxe5 33.fxe5 e6 34.Rf1 Qb6 35.Rf6 Rb7 36.dxe6 Nxe6 37.Qd3 Rd8
38.Qxd8 Nxd8 39.Rxb6 1-0

[Event "Cto. Equipos de Navarra DH 2018"]
[Site "?"]
[Date "2018.11.24"]
[Round "7"]
[White "Cinza Lopez, Javier"]
[Black "Zamarbide Inarrea, Borja"]
[Result "1/2-1/2"]
[EventDate "2018.??.??"]
[EventCountry "ESP"]
[EventType "team"]
[EventRounds "7"]
[WhiteElo "2082"]
[BlackElo "2038"]

1.g3 d5 2.Nf3 Nf6 3.Bg2 e6 4.d4 Be7 5.c4 O-O 6.O-O dxc4 7.Qc2 c5 8.dxc5 Qc7
9.Qxc4 Qxc5 10.Qxc5 Bxc5 11.Ne5 Nbd7 12.Nd3 Bd4 13.Nc3 a6 14.Rd1 Rb8 15.e3 Ba7
16.b3 Re8 17.Ba3 e5 18.Bd6 Ra8 19.Nb4 Bb8 20.Rac1 Nf8 21.Na4 Bg4 22.f3 Bxd6
23.Rxd6 Be6 24.e4 Red8 25.Rcd1 Rxd6 26.Rxd6 Rc8 27.Rd2 g5 28.Kf2 Kg7 29.Nb6 Rc1
30.N6d5 N6d7 31.Nd3 Rc8 32.Ne7 Rc3 33.Nf5 Bxf5 34.exf5 Kf6 35.Nb4 Rc1 36.Nd5
Kxf5 37.Bh3 Kg6 38.Bxd7 Nxd7 39.Ne7 Kf6 40.Rxd7 Rc2 41.Kg1 b5 42.Rb7 Ke6 43.g4
Rxa2 44.Nf5 Rb2 45.Rb6 Kd5 46.Rxa6 Rxb3 47.Ra2 Rxf3 48.Rb2 Kc5 49.Kg2 Rc3 50.Nh6
b4 51.Nxf7 b3 52.Nxe5 Kd5 53.Re2 b2 54.Rxb2 Kxe5 55.Rb5 Kf4 56.Rb4 Ke5 57.h3 Rc2
58.Kf1 Rc1 59.Ke2 Rc3 60.Rb5 Ke6 61.Rxg5 Rxh3 62.Rg8 h5 63.g5 Kf7 64.Ra8 Rg3
65.Ra5 Kg6 66.Kf2 Rxg5 67.Rxg5 Kxg5 68.Kg2 1/2-1/2

[Event "Cto. Equipos de Navarra DH 2018"]
[Site "?"]
[Date "2018.11.24"]
[Round "7"]
[White "Aldave Aguado, Adrian"]
[Black "Monje Peinado, Roberto"]
[Result "1/2-1/2"]
[EventDate "2018.??.??"]
[EventCountry "ESP"]
[EventType "team"]
[EventRounds "7"]
[WhiteElo "1938"]
[BlackElo "2014"]

1.d4 f5 2.g3 Nf6 3.Bg2 g6 4.Nf3 Bg7 5.O-O O-O 6.c4 Ne4 7.Qc2 d6 8.Nbd2 Nxd2
9.Bxd2 Nc6 10.d5 Nd4 11.Nxd4 Bxd4 12.Bc3 Bxc3 13.Qxc3 e5 14.dxe6 c6 15.e3 Bxe6
16.Rfd1 Qe7 17.Rd2 Rad8 18.Rad1 Rd7 19.h4 Rfd8 20.b4 Qg7 21.Qxg7 Kxg7 22.b5 Bxc4
23.bxc6 bxc6 24.Bxc6 Rc7 25.Bd5 Bxd5 26.Rxd5 Rc6 27.R1d4 Ra6 28.a4 Kf6 29.Kg2
Ke6 30.Rb5 Rd7 31.Kf3 h6 32.Rb8 Kf6 33.g4 fxg4 34.Rxg4 Kf7 35.Rf4 Kg7 36.Rbb4
Rf7 37.Kg4 Rxf4 38.Rxf4 Ra5 39.Rd4 d5 40.h5 Rc5 41.f4 Kf6 42.hxg6 Kxg6 43.e4 h5
44.Kh4 dxe4 45.Rxe4 Kf5 46.Rd4 Rc1 47.Rd5 Kxf4 48.Kxh5 Ke4 49.Ra5 Rc7 50.Kg4 Kd4
51.Kf4 Kc4 52.Ke3 Kb4 53.Ra6 Rd7 54.Ke2 Kc5 55.Ke3 Kb4 56.Ke2 1/2-1/2

[Event "Cto. Navarra por Equipos - Primera A"]
[Site "?"]
[Date "2017.10.14"]
[Round "1"]
[White "Soler Huguet, Carlos Francisco"]
[Black "Insausti Goni, Sebastian"]
[Result "0-1"]
[WhiteElo "1777"]
[BlackElo "1844"]

1.b4 e5 2.Bb2 Bxb4 3.Bxe5 Nf6 4.e3 Nc6 5.Bb2 d5 6.Nf3 O-O 7.Be2 Bf5 8.O-O Re8
9.d3 Qe7 10.Nbd2 Ng4 11.Re1 Nge5 12.Rb1 Nd7 13.Rf1 Nb6 14.Ba1 Na4 15.Rxb4 Qxb4
16.Nb3 Nc3 17.Qe1 Nxa2 18.Nfd2 a5 19.f3 Rxe3 20.Qg3 Bg6 0-1

[Event "Cto. Navarra por Equipos - Primera A"]
[Site "?"]
[Date "2017.10.14"]
[Round "1"]
[White "Flores Lazcoz, Jose Luis"]
[Black "Sanjuan Ruperez, Jorge"]
[Result "1-0"]
[WhiteElo "1765"]
[BlackElo "1766"]

1.d4 Nf6 2.Nf3 g6 3.Bg5 Bg7 4.e3 d6 5.Bd3 c5 6.c3 Nbd7 7.Nbd2 a6 8.a4 b6 9.Qc2
Bb7 10.O-O Rc8 11.Rfe1 O-O 12.Rac1 cxd4 13.exd4 Re8 14.Ne4 Nd5 15.Nxd6 Ba8
16.Nxc8 Qxc8 17.Qd2 Qc6 18.b3 N5f6 19.Bxa6 Ne4 20.Qe3 Nxg5 21.Qxg5 Bf6 22.Qd2
Qc7 23.Qe2 Rd8 24.Bd3 Bd5 25.c4 Be6 26.h3 Nf8 27.d5 Bc8 28.Ne5 Bb7 29.Ng4 Bg5
30.Rc2 e6 31.dxe6 Nxe6 32.Be4 Nd4 33.Qd3 Nxc2 34.Qxc2 Bxe4 35.Qxe4 Qd6 36.Ne3
Qb4 37.Qb1 Re8 38.Kf1 Qc3 39.Nc2 Qd3 40.Kg1 Rxe1 41.Qxe1 Qxc2 42.Qb4 Qd1 43.Kh2
Qd4 44.Qb5 Kg7 45.Qxg5 Qxf2 46.Qg3 Qc5 47.Qc3 Kg8 48.b4 Qd6 49.g3 Qd1 50.a5 Qe2
51.Kg1 Qd1 52.Kf2 bxa5 53.bxa5 Qd7 54.c5 Qxh3 55.c6 Qh2 56.Ke1 Qg1 57.Kd2 Qf2
58.Kc1 Qf1 59.Kb2 Qb5 60.Ka3 Qd5 61.c7 Qd6 62.Ka4 Qd7 63.Kb4 Qd6 64.Kb5 Qd5
65.Kb6 Qd6 66.Kb7 Qd5 67.Qc6 Qb3 68.Qb6 Qd5 69.Kb8 Qe5 70.a6 1-0

[Event "Cto. Navarra por Equipos - Primera A"]
[Site "?"]
[Date "2017.10.14"]
[Round "1"]
[White "Anton Agramonte, Angel Luis"]
[Black "Arana Oloron, Roberto"]
[Result "1-0"]
[WhiteElo "1712"]
[BlackElo "1713"]

1.e4 e5 2.Nf3 Nc6 3.Bc4 Nf6 4.d3 Be7 5.O-O O-O 6.Re1 d6 7.h3 Na5 8.Nbd2 Nxc4
9.Nxc4 Be6 10.Ne3 h6 11.Nd2 Qd7 12.Qf3 Nh7 13.Nf5 Bxf5 14.Qxf5 Qxf5 15.exf5 Rfe8
16.Nf1 Rad8 17.Re2 Bf8 18.Bd2 d5 19.Rae1 Bd6 20.Bc3 d4 21.Bxd4 f6 22.Bc3 Bc5
23.Nd2 Bd4 24.Bxd4 Rxd4 25.Re4 Rxe4 26.Rxe4 Ng5 27.Rg4 Nf7 28.Ne4 Nd6 29.Nxf6
1-0

[Event "Cto. Navarra por Equipos - Primera A"]
[Site "?"]
[Date "2017.10.14"]
[Round "1"]
[White "Otano Villanueva, Joseba"]
[Black "Rodes Martinez, Francisco Javier"]
[Result "0-1"]
[WhiteElo "1676"]
[BlackElo "1667"]

1.d4 Nf6 2.g3 d5 3.Bg2 c6 4.Nf3 Bg4 5.O-O Bxf3 6.exf3 e6 7.b3 Bd6 8.Ba3 Bxa3
9.Nxa3 O-O 10.c3 Qc7 11.Nc2 Nbd7 12.Ne3 e5 13.Re1 Rfe8 14.Rc1 Rad8 15.Qc2 Re6
16.Bh3 Ree8 17.Re2 exd4 18.cxd4 Nf8 19.Rce1 Qb6 20.Qd3 Ne6 21.Ng4 Nxg4 22.Bxg4
Nc7 23.Re5 Rxe5 24.dxe5 Qa6 25.Qd2 Ne6 26.f4 Qb6 27.f5 Qd4 28.Qe2 Nc5 29.Rd1 Qe4
30.Qxe4 Nxe4 31.f3 Nc3 32.Rd2 Kf8 33.a4 Ke7 34.Kf2 d4 35.Bh3 c5 36.Bg2 b6 37.f4
b5 38.axb5 Nxb5 39.Bf1 Nc3 40.Kf3 Rb8 41.Bc4 a5 42.g4 Rb4 43.g5 a4 44.Bxf7 Kxf7
45.bxa4 Rxa4 46.h4 Ra3 47.Kg4 Nd5 48.h5 Ne3 49.Kh4 Nxf5 50.Kg4 Ke6 51.h6 g6 0-1

[Event "Cto. Navarra por Equipos - Primera A"]
[Site "?"]
[Date "2017.10.14"]
[Round "1"]
[White "Sola Garate, Roberto"]
[Black "Vigor Iriarte, Unai"]
[Result "1-0"]
[WhiteElo "1468"]
[BlackElo "1580"]

1.e4 d5 2.exd5 Qxd5 3.Nc3 Qa5 4.d4 c6 5.Nf3 Bg4 6.Be2 Nf6 7.O-O e6 8.h3 Bh5 9.a3
Bd6 10.Be3 O-O 11.Nh4 Bxe2 12.Qxe2 Nbd7 13.f4 Rae8 14.Qf3 Bb8 15.g4 Qc7 16.g5
Nd5 17.Nxd5 exd5 18.Rf2 Re4 19.c3 Rfe8 20.Bd2 Nf8 21.Raf1 Qb6 22.b4 a5 23.Ng2
axb4 24.axb4 Qc7 25.Nh4 b6 26.Nf5 Ng6 27.Ng3 R4e7 28.Nf5 Re6 29.h4 Ne7 30.Ng3
Qd6 31.Qg4 g6 32.h5 Kg7 33.hxg6 fxg6 34.Qh4 Nf5 35.Nxf5 gxf5 36.Rh2 h6 37.Rff2
Rg6 38.Rfg2 Rh8 39.gxh6 Kh7 40.Rxg6 Qxg6 41.Rg2 Qxh6 42.Qe7 1-0

[Event "Cto. Navarra por Equipos - Primera A"]
[Site "?"]
[Date "2017.10.14"]
[Round "1"]
[White "Ruiz Echeverria, Unai"]
[Black "Garrido Tabuenca, Rafael Felix"]
[Result "1/2-1/2"]
[WhiteElo "1453"]
[BlackElo "1433"]

1.e4 e6 2.d4 f5 3.e5 d6 4.exd6 cxd6 5.Nf3 Be7 6.Bf4 Nf6 7.Bc4 d5 8.Bb5 Bd7
9.Bxd7 Nbxd7 10.Nc3 O-O 11.Qe2 Rc8 12.Qxe6 Kh8 13.O-O Rc6 14.Qe2 Bb4 15.Qd3 Bxc3
16.bxc3 Ne4 17.Bd2 Nb6 18.Ne5 Rc7 19.f3 Nxd2 20.Qxd2 Qc8 21.Rfe1 g6 22.Qh6 Rg7
23.Re3 Nc4 24.Nxc4 Qxc4 25.Re7 Rfg8 26.Rae1 Qc8 27.Qe3 Rxe7 28.Qxe7 Rg7 29.Qe8
Qxe8 30.Rxe8 Rg8 31.Re7 Rg7 32.Rxg7 Kxg7 33.Kf2 Kf6 34.Ke3 g5 35.Kd3 b5 36.g3 h5
37.f4 g4 38.Kd2 Ke6 39.Kc1 Kd6 40.Kb2 Kc6 41.Kb3 a5 1/2-1/2

[Event "Cto. Navarra por Equipos - Primera A"]
[Site "?"]
[Date "2017.10.14"]
[Round "1"]
[White "Reinaldo Soto, Alvaro"]
[Black "Galvan Perez-Ilzarbe, Alejandro"]
[Result "0-1"]
[WhiteElo "1921"]
[BlackElo "1863"]

1.d4 d5 2.Bg5 f6 3.Bh4 Nh6 4.e3 Nf5 5.Bg3 h5 6.h4 Nxg3 7.fxg3 Qd6 8.Ne2 Bg4
9.Qd3 e5 10.Nbc3 c6 11.e4 Na6 12.a3 exd4 13.Qxd4 dxe4 14.Nxe4 Qxd4 15.Nxd4 O-O-O
16.Ne2 Nc5 17.N4c3 Bd6 18.O-O-O Rhe8 19.Rd2 Ne4 20.Nxe4 Rxe4 21.c3 Kc7 22.Nd4
Bxg3 23.Kc2 Bf4 24.Bd3 Ree8 25.Rf2 Be3 26.Rff1 Bxd4 27.cxd4 Rxd4 28.Bg6 Re2
29.Kc3 Rdd2 30.b4 Rxg2 31.Re1 Rge2 32.Bd3 Rg2 33.Re7 Kb6 34.Rhe1 Ra2 35.Kb3 Raf2
36.Kc3 Bf5 37.Bxf5 Rxf5 38.Rf7 Rf3 39.Kd4 Rg4 40.Re4 Rxe4 41.Kxe4 Rxa3 0-1

[Event "Cto. Navarra por Equipos - Primera A"]
[Site "?"]
[Date "2017.10.14"]
[Round "1"]
[White "Laseca Arana, Irati"]
[Black "Sanchez Salazar, Kiko"]
[Result "0-1"]
[WhiteElo "1810"]
[BlackElo "1869"]

1.e4 e5 2.Nf3 Nc6 3.Bb5 a6 4.Ba4 Nf6 5.O-O b5 6.Bb3 Be7 7.d3 O-O 8.Nc3 d6 9.a3
Bg4 10.Be3 Qd7 11.a4 Nd4 12.Bxd4 exd4 13.Nd5 Nxd5 14.Bxd5 c6 15.Bb3 Bf6 16.Re1
Kh8 17.axb5 axb5 18.Rxa8 Rxa8 19.h3 Bh5 20.Ne5 dxe5 21.Qxh5 g6 22.Qf3 Qe7 23.g3
Ra7 24.h4 h5 25.Kg2 Kg7 26.Rc1 Qb4 27.Qd1 Qd6 28.Ra1 Rxa1 29.Qxa1 Bd8 30.Qa2 Qd7
31.f3 g5 32.hxg5 Bxg5 33.Qa1 f5 34.Qa8 fxe4 35.Qg8 Kh6 36.fxe4 Qg7 37.Qe6 Qf6
38.Qe8 Be3 39.Bf7 Qf2 0-1

[Event "Cto. Navarra por Equipos - Primera A"]
[Site "?"]
[Date "2017.10.14"]
[Round "1"]
[White "Tunon Gonzalo, Eduardo"]
[Black "Labiano Hernandez, Juan"]
[Result "1/2-1/2"]
[WhiteElo "1637"]
[BlackElo "1711"]

1.d4 Nf6 2.Bg5 g6 3.Bxf6 exf6 4.e3 d5 5.g3 Bg7 6.Bg2 Be6 7.c4 c6 8.Qb3 Qb6
9.cxd5 Bxd5 10.Qxb6 axb6 11.Bxd5 cxd5 12.Nc3 O-O 13.Nxd5 Rd8 14.Nxb6 Ra6 15.Nc4
b5 16.Nd2 Nc6 17.Ne2 Rda8 18.a3 b4 19.Nc4 Bf8 20.O-O bxa3 21.bxa3 Bxa3 22.Rxa3
Rxa3 23.Nxa3 Rxa3 24.Rb1 Kg7 25.Rb6 Ne7 26.Rb7 Nf5 27.Kg2 Ra2 28.Kf3 g5 29.Nc3
Rc2 30.Ne4 h5 31.Rb6 g4 32.Kf4 Ne7 33.Rb5 Ng6 1/2-1/2

[Event "Cto. Navarra por Equipos - Primera A"]
[Site "?"]
[Date "2017.10.14"]
[Round "1"]
[White "Del Carmen Hernandez"]
[Black "Egozcue Sghir"]
[Result "0-1"]
[WhiteElo "1669"]
[BlackElo "1408"]

1.e4 d5 2.exd5 Qxd5 3.Nc3 Qa5 4.Bc4 Nf6 5.d3 c6 6.Bf4 Bf5 7.Nge2 h6 8.Qd2 e5
9.Bg3 Nbd7 10.O-O-O Bb4 11.Rde1 O-O 12.h3 Rfe8 13.f3 Rad8 14.Bh4 Rc8 15.g4 Bh7
16.g5 Nd5 17.gxh6 g6 18.Reg1 b5 19.Bb3 Nc5 20.Bxd5 cxd5 21.Qg5 Re6 22.Nxd5 Bd2
23.Kb1 Bxg5 24.Bxg5 Na4 25.Nec3 Nxc3 26.Nxc3 b4 27.Ne4 Rcc6 28.h4 Qa4 29.Rg2 Ra6
30.Rhh2 Qxa2 31.Kc1 Qa1 32.Kd2 Qxb2 33.h5 Rac6 34.Ke3 Qd4 35.Kd2 a5 36.hxg6 fxg6
37.f4 exf4 38.Bxf4 Rxe4 39.Bg5 Qc3 40.Kd1 Re1 0-1